Exenciones y hechos no gravados

Збережено в:
Бібліографічні деталі
Автор: Araya Schnake, Gabriel (Автор)
Формат: Книга
Мова:Іспанська
Опубліковано: Santiago Lexis nexis 2007
Редагування:2a. ed
Серія:Monografías Tributarias
Предмети:
Теги: Додати тег
Немає тегів, Будьте першим, хто поставить тег для цього запису!

MARC

LEADER 00000cam a2200000 a 4500
001 UCI3889
003 CL-VaPUC
008 071207e20070000CL |||||||||||||||||spa|d
020 |a 9789562387095 
082 0 4 |a 343.83052  |b ARA  |2 21 
100 0 |a Araya Schnake, Gabriel  |e author  |9 525423 
245 1 0 |a Exenciones y hechos no gravados 
250 |a 2a. ed 
300 |a 407 p 
942 |c BK 
945 |d 20071207 00:00:00  |a rbrito 
260 |a Santiago  |b Lexis nexis  |c 2007 
650 7 |a IMPUESTO SOBRE LA RENTA  |2 CL-VaPUC  |9 525424 
650 0 |a Derecho tributario  |9 258895 
650 7 |a EXCEPCIONES TRIBUTARIAS  |2 CL-VaPUC  |9 384091 
650 0 |a Impuesto al Valor Agregado (IVA)  |9 258896 
650 0 |a Código civil  |9 256135 
650 7 |a IMPORTACIONES  |2 CL-VaPUC  |9 359079 
650 0 |a Derecho marítimo  |9 255301 
650 0 |a Jurisprudencia  |9 255952 
583 |a last modification  |c 20130515 11:55:11  |k Rodrigo Vera 
490 0 |a Monografías Tributarias 
999 |c 327920  |d 327918 
952 |0 0  |1 0  |4 0  |6 343_830520000000000_ARA_2007  |7 0  |8 A  |9 411480  |a BIBDER  |b BIBDER  |d 2019-11-22  |i 4394119  |l 2  |m 3  |o 343.83052 ARA 2007  |p 4394119  |r 2023-08-11  |s 2023-06-27  |w 2019-11-22  |y BK  |k DER 
952 |0 0  |1 0  |4 0  |6 343_830520000000000_ARA_2007  |7 0  |8 A  |9 411481  |a BIBGIM  |b BIBGIM  |d 2019-11-22  |i 4973631  |o 343.83052 ARA 2007  |p 4973631  |r 2025-01-15  |w 2019-11-22  |y BK  |k COM